| 000 | 00717naa a22002537a 4500 | ||
|---|---|---|---|
| 001 | 62388 | ||
| 003 | 134695 | ||
| 005 | 20201118105928.0 | ||
| 008 | ||||||n9999 ||| || || | ||
| 041 | _aspa | ||
| 100 | _aRojas Gómez, Miguel Enrique | ||
| 245 | 0 |
_aDel exilio de la razon a la razon de la libertad en Osvaldo Ardiles : _bpp.112-129 |
|
| 260 |
_aBogotá : _bEl Búho, _c1993. |
||
| 300 | _app.112-129 | ||
| 562 | _e0 | ||
| 650 | _aANÁLISIS DE CASOS | ||
| 650 | _aARGENTINA | ||
| 650 | _aDOMINACION SOCIAL | ||
| 650 | _aEVOLUCIÓN HISTÓRICA | ||
| 650 | _aFILOSOFOS | ||
| 650 | _aPENSAMIENTO | ||
| 773 |
_059297 _aHumanismo y filosofía de la liberación en América Latina |
||
| 942 | _cCHAP | ||
| 999 |
_c62388 _d62388 |
||